| 000 | 00478nam a2200169 a 4500 | ||
|---|---|---|---|
| 001 | 3073 | ||
| 003 | CDMR | ||
| 005 | 20131007174724.0 | ||
| 008 | 130130s1959||||||||||||||||||||||||||||d | ||
| 040 |
_aCDMR _bcat _cCDMR |
||
| 100 | 1 |
_aTarin-Iglesias, Josep _92220 |
|
| 245 | 1 | 0 |
_aPeriodismo de ayer y de hoy _cJose Tarin-Iglesias ; prólogo de Manuel Vigil |
| 260 |
_aBarcelona _c1959 _bPolíglota |
||
| 300 | _a166 p. | ||
| 700 | 1 |
_9787 _aVigil Vázquez, Manuel _epr. |
|
| 942 |
_cMON _2udc |
||
| 999 |
_c3073 _d3073 |
||